000 00777nam a2200253 a 4500
008
020 _a1557865132 (hbk. )
049 _aMAIN
090 _aHD30.28 GRA
100 1 _aGrant, Robert M.
245 1 0 _aContemporary strategy analysis :
_bconcepts, techniques, applications /
_cby Robert M. Grant.
250 _a2nd ed.
260 _aCambridge. :
_bBlackwell Business ,
_c1997.
300 _axiii, 452 p. :
_bill. ;
_c25 cm.
504 _aIncludes bibliographical references.
500 _aIncludes index.
650 _aContemporary subject anlysis
650 0 _aStrategic planning
907 _a.b10050553
_b14-10-11
_c17-04-03
003
005 20230120133822.0
040 _cNUST
942 _cBOOKS
_kHD30.28 GRA
999 _c96018
_d96018